LIBRARY & INFORMATION CENTRE, KCAET, TAVANUR

ONLINE PUBLIC ACCESS CATALOGUE (OPAC)

Indian autobiographics / (Record no. 6544)

MARC details
000 -LEADER
fixed length control field 00388cam a2200157ua 4500
041 ## - LANGUAGE CODE
Language code of text/sound track or separate title eng
082 ## - DEWEY DECIMAL CLASSIFICATION NUMBER
Classification number 928.94812
Item number SAK/IN
100 ## - MAIN ENTRY--AUTHOR NAME
Personal name Saksena, S P .
245 ## - TITLE STATEMENT
Title Indian autobiographics /
250 ## - EDITION STATEMENT
Edition statement 1 /
260 ## - PUBLICATION, DISTRIBUTION, ETC. (IMPRINT)
Place of publication London :
Name of publisher Oxford University Press ,
Year of publication 1965.
300 ## - PHYSICAL DESCRIPTION
Number of Pages 144 ; .
942 ## - ADDED ENTRY ELEMENTS (KOHA)
Koha item type Books
Holdings
Withdrawn status Lost status Damaged status Home library Current library Date acquired Full call number Accession Number Koha item type Public note
Withdrawn     KAUAET Malayalam University 07/04/2012 928.94812 8537 Books Transferred to Malayalam University
free website counter